01024cam a22002651 4500001001300000003000400013005001700017008004100034010001700075035002000092040004600112042001200158050001500170100003900185245006400224255002200288260006900310300012400379490009400503500003100597504004500628650004100673650002700714999001700741gs 32000226 DLC20260227111337.0850430s1932 sw ab b 000 0 swe c ags 32000226  a(OCoLC)11979336 aLibrary, U.S. Geological SurveycNhDdDLC apremarc00aQE282b.A31 aDe Geer, Gerard,cfriherre,d1889-10aStockholmstraktens kvartärgeologi,cav Gerard De Geer ... aSkala 1:50000 ... aStockholm,bKungl. Boktryckeriet P.A. Norstedt & Söner,c1932. a89 p. incl. illus., maps, diagrs.bfold. front., fold. map, fold. diagr.c24 cm.eand fold. col. map in separate cover.0 a[Sweden] Geologiska undersökning. Ser. Ba. Översiktskartor med beskrivningar.vno. 12 aWith English explanations. a"Nagra litteraturanvisningar": p. 88-89. 0aGeologyzSwedenzStockholm district. 0aGeologyzSwedenvMaps. c26981d26981